Štát sa musí s predajom Slovenských aerolínií ponáhľať
Snaha štátu predať podiel, ktorý vlastní v Slovenských aerolíniách (SLA), a.s. Bratislava. Dlhoročná história privatizácie SLA - problémy s tým súvisiace. Z deblokácie ruských lietadiel sa nesplatili ani aktuálne dlhy spoločnosti. Časť dlhov stále ťaží SLA. Svojich takmer 90 perc. akcií v SLA chce...
Salvato in:
| Autore principale: | |
|---|---|
| Natura: | Capitolo di libro |
| Lingua: | slovacco |
| Soggetti: | |
| Tags: |
Nessun Tag, puoi essere il primo ad aggiungerne!!
|
MARC
| LEADER | 00000naa$a2200000$$$4500 | ||
|---|---|---|---|
| 001 | 0004230 | ||
| 005 | 20231009074637.5 | ||
| 041 | 0 | |a slo | |
| 044 | |a SK | ||
| 245 | 1 | 0 | |a Štát sa musí s predajom Slovenských aerolínií ponáhľať |c aut. Gabriel Beer |
| 520 | |a Snaha štátu predať podiel, ktorý vlastní v Slovenských aerolíniách (SLA), a.s. Bratislava. Dlhoročná história privatizácie SLA - problémy s tým súvisiace. Z deblokácie ruských lietadiel sa nesplatili ani aktuálne dlhy spoločnosti. Časť dlhov stále ťaží SLA. Svojich takmer 90 perc. akcií v SLA chce štát predať. Potreba vypracovania základného privatizačného projektu. Otázka, či a za akú sumu sa štátu podarí SLA predať. | ||
| 610 | 2 | 0 | |a priemysel letecký |
| 610 | 2 | 0 | |a lietadlá |
| 610 | 2 | 0 | |a predaj |
| 610 | 2 | 0 | |a deblokácia |
| 610 | 2 | 0 | |a dlhy |
| 610 | 2 | 0 | |a privatizácia |
| 610 | 2 | 0 | |a Slovenské aerolínie, a.s. Bratislava |
| 100 | 1 | |a Beer, Gabriel | |